Hutníctvo neželezných kovov : cvičenia /

Uložené v:
Podrobná bibliografia
Hlavní autori: Štofková, Magdaléna (Author), Kunhalmi, Gabriel (Author)
Médium: Kniha
Jazyk:Slovak
Vydané: Bratislava : Alfa, 1989
Vydanie:2. preprac. vyd.
Edícia:Skriptá: VŠT Košice - Hutnícka fakulta
ISBN: (brož.)
Fyzický popis: 146 s.
Tagy: Pridať tag
Žiadne tagy, Buďte prvý kto otaguje tento záznam!

MARC

LEADER 00000nam a2200000 a 4500
001 000277607
005 20061014105314.0
008 061014s1989 xo e 000 0 sloo
020 |a (brož.) 
040 |a SVKKK  |b slo  |c SVKKK  |e AACR2 
041 0 |a slo 
044 |a xo  |c SK 
100 1 |a Štofková, Magdaléna  |4 aut 
245 1 0 |a Hutníctvo neželezných kovov :  |b cvičenia /  |c Magdaléna Štofková, Gabriel Kunhalmi 
250 |a 2. preprac. vyd. 
260 |a Bratislava :  |b Alfa,  |c 1989 
300 |a 146 s. 
440 0 |a Skriptá: VŠT Košice - Hutnícka fakulta 
700 1 |a Kunhalmi, Gabriel  |4 aut 
998 |a BK 
090 |g SCKHL  |k Sklad Pribinova 3. posch.  |a V.145249  |j 789555  |i 2720067736  |s Absenčne 
090 |g SCKHL  |k Sklad Pribinova 3. posch.  |a V.145250  |j 789556  |i 2720875489  |s Absenčne 
090 |g SCKHL  |k Sklad Pribinova 3. posch.  |a V.145251  |j 789557  |i B84459  |4 Multiplikát  |s Vyradená 
090 |g SCKHL  |k Sklad Pribinova 3. posch.  |a V.145252  |j 789558  |i B84460  |4 Multiplikát  |s Vyradená 
090 |g SCKHL  |k Sklad Pribinova 3. posch.  |a V.145253  |j 789559  |i B84461  |4 Multiplikát  |s Vyradená 
090 |g SCKHL  |k Sklad Pribinova 3. posch.  |a V.166748  |j 792946  |i 2720086117  |s Absenčne